000 00427nam a2200169Ia 4500
008 230718s9999 xx 000 0 und d
041 _aeng
082 _a621.382
_bROD
100 _aRoddy D.
245 _aElectronic Communications
250 _a3rd ed.
260 _c1987
_bPrentice Hall Of India
300 _a788
_dRef 214 E (2838)
365 _cRs.
_b125.00
700 _aRoddy D. & Coolen J.
906 _cETC
_b18.75
999 _c303593
_d303593